Colleges with 1st Overall NFL Draft Picks - Statistics

General Stats
  • This quiz has been taken 197 times
  • The average score is 32 of 51
Answer Stats
Picks College % Correct
2 Alabama
97%
3 Texas
94%
5 Georgia
93%
3 Ohio State
93%
6 USC
91%
1 Clemson
90%
3 LSU
90%
1 Florida State
89%
2 Michigan
88%
5 Oklahoma
87%
2 Tennessee
84%
1 UCLA
84%
1 Oregon
82%
3 Miami
80%
1 Texas A&M
80%
1 Washington
80%
5 Notre Dame
79%
1 Pennsylvania
79%
1 Texas Tech
78%
4 Auburn
77%
1 Michigan State
76%
1 Ole Miss
76%
2 Penn State
74%
5 Stanford
74%
2 South Carolina
71%
1 Virginia
70%
1 Utah
66%
2 Virginia Tech
66%
1 Kentucky
65%
1 Indiana
63%
1 Iowa
63%
1 NC State
63%
1 Washington State
63%
2 Nebraska
62%
1 Oregon State
60%
2 California
57%
1 Illinois
55%
1 Syracuse
55%
1 TCU
50%
1 Vanderbilt
38%
1 SMU
35%
1 Central Michigan
28%
1 Louisiana Tech
25%
1 Fresno State
21%
1 Tulane
20%
1 Rice
16%
1 Chicago
13%
1 Tampa
4%
1 Colorado A&M
2%
1 Oklahoma A&M
2%
1 Tennessee State
2%
No matching quizzes found
Score Distribution
Percent of People with Each Score
Percentile by Number Answered
Your Score History
You have not taken this quiz